000 00584cam a2200181 i 4500
005 20251120093950.0
008 250721s1997 ua gr 000 0 ara d
020 _a977294006
082 1 4 _a210.76
_bس ل ي
100 1 _aسليمان، محمد هلال
_eمؤلف.
245 1 0 _aس وج في أمور الدين /
_cمحمد هلال سليمان.
264 1 _aالقاهرة :
_bمركز الكتاب للنشر،
_c1997
300 _a185صفحة.
650 1 7 _aالاسلام.
650 1 7 _aالاسئلة والأجوبة.
942 _2ddc
_cBK
999 _c80145
_d80145